000 005220000a22001930004500
999 _c49127
_d49127
001 1977
003 CO-MdFUSB
005 20180910171411.0
008 180910b xxu||||| |||| 00| 0 eng d
020 _a0-340-71434-4
040 _cCO-MdBIC
082 0 4 _a813C C91ps
100 1 _aCunliffe, John
245 1 0 _aPostman Pat and the surprise breakfast / John Cunliffe ; ilst. Stuart Trotter
260 _aLondon : Hodder Children“s Books
300 _a(22) P.
650 1 4 _aCuentos Infantiles ingleses
942 _cLGB